Music Quiz

Random Music or Song Quiz

Run and Walk Songs (Harder Version) Quiz Stats

 Plays Quiz Updated Mar 19, 2020

Support Sporcle.
Go Orange.
Score 0/30 Timer 07:00
0 Plays Today
Artist Song % Correct
Linkin ParkRunaway
39.2%
SmashmouthWalking on the Sun
33.3%
Marc CohnWalking in Memphis
31.9%
Bryan AdamsRun to You
30.9%
DionRunaround Sue
26.9%
The VenturesWalk Don't Run
22.7%
Pink FloydRun Like Hell
20.4%
Creedence Clearwater RevivalRun Through the Jungle
16.9%
Was (Not Was)Walk the Dinosaur
15.1%
The Left BankeWalk Away Renée
13.7%
Chuck BerryRun Rudolph Run
12.6%
the Velvet UndergroundRun Run Run
11.9%
The Doobie BrothersLong Train Runnin
10.7%
U2Running to Stand Still
7.6%
Rooftop SingersWalk Right In
6.1%
Artist Song % Correct
The HivesWalk Idiot walk
6%
Eddie MoneyWalk on Water
5.5%
Green DayWalking Contradiction
5.5%
Sheryl CrowRun Baby Run
5.1%
Everly BrothersWalk Right Back
4.5%
Red Hot Chili PeppersWalkabout
4.2%
Depeche ModeWalking in My Shoes
3.5%
Eric ClaptonRunning on Faith
3.5%
Iron MaidenRunning Free
3.2%
Lenny KravitzWhere Are We Runnin'?
2.9%
WilcoWalken
2.8%
3 Doors DownDuck and Run
2.4%
Modest MouseSleepwalkin'
1.1%
TrafficWalking in the Wind
0.9%
NickelbackOne Last Run
0.8%

From the Vault

Match Game: 1970s Best Pictures

by DIEGO1000

Movies 60s
What's your favorite 1970s flick?
Remove Ads.
Support Sporcle.
Get the best of Sporcle when you Go Orange. This ad-free experience offers more features, more stats, and more fun while also helping to support Sporcle. Thank you for becoming a member.

Show Comments

Extras

Top Quizzes Today


Score Distribution

Your Account Isn't Verified!

In order to create a playlist on Sporcle, you need to verify the email address you used during registration. Go to your Sporcle Settings to finish the process.

Report this User

Report this user for behavior that violates our Community Guidelines.

Details: